00943nam a2200217 a 450000100100000000500170001000800410002704000250006808200190009310000450011224500690015726000580022630000200028450001290030460000700043365000170050365000620052004900090058295201170059199900170070800003169020240520190011.0110630s1975 dr 000 0 spa d aDO-SdBNPbspacBNPHU a291.092bC348F1 aPepén, Juan F. q (Juan Felix)91317410aVida y obra del Padre Rafael C. Castellanos /cJuan Felix Pepen. aSanto Domingo :bArzobispado de Santo Domingo,c1975. a17 p. ;c22 cm. aConferencia pronunciada en la Biblioteca Nacional con ocasión del primer centenario de su nacimiento, 6 de agosto de 1975.14aCASTELLANOS MARTÍNEZ, RAFAEL CONRADO,cPADRE,d1875-1932944437 0aClero919068 4aIglesia católicazRepública DominicanaxHistoria9358 aBNPD 0010718PDaPDbPDcCTd2011-06-30iLF1l0o291.092 C348Fp31690-10r2020-06-25w2020-06-25yLFPDZNo se presta c31182d31182